|
|
|
|
| LEADER |
01205nam a2200325Ia 4500 |
| 001 |
EBC706733 |
| 003 |
MiAaPQ |
| 005 |
20200520144314.0 |
| 006 |
m o d | |
| 007 |
cr cn||||||||| |
| 008 |
100616s2010 njua sb 001 0 eng d |
| 020 |
|
|
|z 9780470632017 (pbk.)
|
| 020 |
|
|
|z 0470632011 (pbk.)
|
| 035 |
|
|
|a (MiAaPQ)EBC706733
|
| 035 |
|
|
|a (Au-PeEL)EBL706733
|
| 035 |
|
|
|a (CaPaEBR)ebr10446711
|
| 035 |
|
|
|a (CaONFJC)MIL291404
|
| 035 |
|
|
|a (OCoLC)692197579
|
| 040 |
|
|
|a MiAaPQ
|c MiAaPQ
|d MiAaPQ
|
| 050 |
|
4 |
|a HF5718.22
|b .D827 2010
|
| 100 |
1 |
|
|a Duarte, Nancy.
|
| 245 |
1 |
0 |
|a Resonate
|h [electronic resource] :
|b present visual stories that transform audiences /
|c Nancy Duarte.
|
| 260 |
|
|
|a Hoboken, NJ :
|b Wiley,
|c c2010.
|
| 300 |
|
|
|a xxi, 248 p. :
|b col. ill.
|
| 504 |
|
|
|a Includes bibliographical references and index.
|
| 533 |
|
|
|a Electronic reproduction. Ann Arbor, MI : ProQuest, 2015. Available via World Wide Web. Access may be limited to ProQuest affiliated libraries.
|
| 650 |
|
0 |
|a Business presentations.
|
| 650 |
|
0 |
|a Business communication.
|
| 655 |
|
4 |
|a Electronic books.
|
| 856 |
4 |
0 |
|u https://ebookcentral.proquest.com/lib/matrademy/detail.action?docID=706733
|z Click to View
|